Statistiques concernant Les 802 Pokémon (FR)

Cliquez ici pour prendre le quiz!

Statistiques générales

  • Ce quiz a été pris 7 135 fois
    (6 987 depuis la dernière actualisation)
  • Le résultat moyen est 402 sur 802

Statistiques - réponses

HintRéponse% Correct
001Bulbizarre
94%
004Salamèche
94%
006Dracaufeu
93%
007Carapuce
92%
003Florizarre
92%
002Herbizarre
92%
025Pikachu
92%
005Reptincel
92%
009Tortank
92%
008Carabaffe
90%
026Raichu
89%
151Mew
86%
010Chenipan
85%
150Mewtwo
85%
012Papilusion
85%
133Évoli
84%
013Aspicot
83%
148Draco
83%
016Roucool
83%
134Aquali
82%
011Chrysacier
82%
014Coconfort
82%
136Pyroli
82%
018Roucarnage
82%
017Roucoups
82%
173Mélo
81%
146Sulfura
81%
135Voltali
81%
144Artikodin
80%
015Dardargnan
80%
149Dracolosse
80%
130Léviator
80%
129Magicarpe
80%
147Minidraco
80%
197Noctali
80%
172Pichu
80%
019Rattata
80%
035Mélofée
79%
020Rattatac
79%
023Abo
78%
094Ectoplasma
78%
038Feunard
78%
037Goupix
78%
074Racaillou
78%
039Rondoudou
78%
024Arbok
77%
145Électhor
77%
092Fantominus
77%
076Grolem
77%
036Mélodelfe
77%
196Mentali
77%
052Miaouss
77%
095Onix
77%
021Piafabec
77%
093Spectrum
77%
075Gravalanch
76%
029 | 032Nidoran
76%
022Rapasdepic
76%
143Ronflex
76%
063Abra
75%
065Alakazam
75%
040Grodoudou
75%
155Héricendre
75%
158Kaiminus
75%
034Nidoking
75%
031Nidoqueen
75%
030Nidorina
75%
033Nidorino
75%
053Persian
75%
059Arcanin
74%
058Caninos
74%
152Germignon
74%
249Lugia
74%
066Machoc
74%
067Machopeur
74%
126Magmar
74%
041Nosferapti
74%
255Poussifeu
74%
383Groudon
73%
064Kadabra
73%
042Nosferalto
73%
077Ponyta
73%
027Sabelette
73%
393Tiplouf
73%
160Aligatueur
72%
125Élektek
72%
078Galopa
72%
471Givrali
72%
250Ho-Oh
72%
382Kyogre
72%
068Mackogneur
72%
081Magnéti
72%
043Mystherbe
72%
028Sablaireau
72%
252Arcko
71%
257Braségali
71%
244Entei
71%
258Gobou
71%
089Grotadmorv
71%
082Magnéton
71%
044Ortide
71%
245Suicune
71%
088Tadmorv
71%
387Tortipouss
71%
157Typhlosion
71%
070Boustiflor
70%
483Dialga
70%
123Insécateur
70%
113Leveinard
70%
154Méganium
70%
390Ouisticram
70%
484Palkia
70%
470Phyllali
70%
142Ptéra
70%
045Rafflesia
70%
384Rayquaza
70%
109Smogo
70%
110Smogogo
70%
208Steelix
70%
100Voltorbe
70%
251Celebi
69%
069Chétiflor
69%
156Feurisson
69%
140Kabuto
69%
169Nostenfer
69%
700Nymphali
69%
395Pingoléon
69%
243Raikou
69%
120Stari
69%
050Taupiqueur
69%
128Tauros
69%
139Amonistar
68%
138Amonita
68%
101Électrode
68%
256Galifeu
68%
141Kabutops
68%
153Macronium
68%
086Otaria
68%
121Staross
68%
389Torterra
68%
107Tygnon
68%
239Élekid
67%
071Empiflor
67%
087Lamantine
67%
124Lippoutou
67%
240Magby
67%
118Poissirène
67%
060Ptitard
67%
079Ramoloss
67%
159Crocrodil
66%
487Giratina
66%
254Jungko
66%
131Lokhlass
66%
253Massko
66%
394Prinplouf
66%
111Rhinocorne
66%
112Rhinoféros
66%
392Simiabraz
66%
062Tartard
66%
061Têtarte
66%
051Triopikeur
66%
080Flagadoss
65%
106Kicklee
65%
260Laggron
65%
132Métamorph
65%
119Poissoroy
65%
379Registeel
65%
493Arceus
64%
391Chimpenfeu
64%
259Flobio
64%
448Lucario
64%
122M.Mime
64%
103Noadkoko
64%
104Osselait
64%
137Porygon
64%
054Psykokwak
64%
378Regice
64%
377Regirock
64%
072Tentacool
64%
055Akwakwak
63%
083Canarticho
63%
466Elekable
63%
282Gardevoir
63%
385Jirachi
63%
115Kangourex
63%
380Latias
63%
381Latios
63%
467Maganon
63%
048Mimitoss
63%
102Noeunoeuf
63%
105Ossatueur
63%
280Tarsal
63%
073Tentacruel
63%
174Toudoudou
63%
049Aéromite
62%
388Boskara
62%
265Chenipotte
62%
386Deoxys
62%
396Étourmi
62%
056Férosinge
62%
462Magnézone
62%
486Regigigas
62%
175Togepi
62%
495Vipélierre
62%
644Zekrom
62%
057Colossinge
61%
491Darkrai
61%
398Étouraptor
61%
397Étourvol
61%
163Hoothoot
61%
117Hypocéan
61%
116Hypotrempe
61%
281Kirlia
61%
501Moustillon
61%
046Paras
61%
643Reshiram
61%
248Tyranocif
61%
212Cizayox
60%
482Créfadet
60%
091Crustabri
60%
446Goinfrex
60%
498Gruikui
60%
164Noarfang
60%
047Parasect
60%
447Riolu
60%
199Roigada
60%
114Saquedeneu
60%
127Scarabrute
60%
658Amphinobi
59%
481Créfollet
59%
480Créhelf
59%
084Doduo
59%
373Drattak
59%
246Embrylex
59%
656Grenousse
59%
097Hypnomade
59%
098Krabby
59%
242Leuphorie
59%
440Ptiravi
59%
500Roitiflam
59%
096Soporifik
59%
263Zigzaton
59%
266Armulys
58%
268Blindalys
58%
503Clamiral
58%
229Démolosse
58%
085Dodrio
58%
108Excelangue
58%
161Fouinette
58%
499Grotichon
58%
230Hyporoi
58%
182Joliflor
58%
090Kokiyas
58%
099Krabboss
58%
180Lainergie
58%
238Lippouti
58%
497Majaspic
58%
167Mimigal
58%
312Négapi
58%
181Pharamp
58%
311Posipi
58%
176Togetic
58%
494Victini
58%
716Xerneas
58%
717Yveltal
58%
349Barpau
57%
488Cresselia
57%
371Draby
57%
200Feuforêve
57%
162Fouinar
57%
475Gallame
57%
237Kapoera
57%
264Linéon
57%
269Papinox
57%
233Porygon2
57%
247Ymphect
57%
201Zarbi
57%
267Charmillon
56%
236Debugant
56%
241Écrémeuh
56%
404Luxio
56%
228Malosse
56%
376Métalosse
56%
474Porygon-Z
56%
185Simularbre
56%
361Stalgamin
56%
468Togekiss
56%
646Kyurem
55%
496Lianaja
55%
403Lixy
55%
792Lunala
55%
405Luxray
55%
429Magirêve
55%
375Métang
55%
168Migalos
55%
350Milobellus
55%
439Mime Jr.
55%
276Nirondelle
55%
362Oniglali
55%
315Rosélia
55%
791Solgaleo
55%
227Airmure
54%
445Carchacrok
54%
198Cornèbre
54%
215Farfuret
54%
653Feunnec
54%
485Heatran
54%
277Hélédelle
54%
490Manaphy
54%
183Marill
54%
261Medhyèna
54%
464Rhinastoc
54%
407Roserade
54%
492Shaymin
54%
179Wattouat
54%
184Azumarill
53%
279Bekipan
53%
309Dynavolt
53%
310Élecsprint
53%
725Flamiaou
53%
278Goélise
53%
399Keunotor
53%
270Nénupiot
53%
489Phione
53%
506Ponchiot
53%
202Qulbutoké
53%
186Tarpaud
53%
374Terhal
53%
320Wailmer
53%
321Wailord
53%
722Brindibou
52%
400Castorno
52%
221Cochignon
52%
262Grahyèna
52%
330Libégon
52%
218Limagma
52%
220Marcacrin
52%
650Marisson
52%
502Mateloutre
52%
519Poichigeon
52%
507Ponchien
52%
319Sharpedo
52%
355Skelénox
52%
718Zygarde
52%
465Bouldeneu
51%
461Dimoret
51%
443Griknot
51%
328Kraknoix
51%
271Lombre
51%
170Loupio
51%
272Ludicolo
51%
508Mastouffe
51%
477Noctunoir
51%
417Pachirisu
51%
406Rozbouton
51%
214Scarhino
51%
336Séviper
51%
356Téraclope
51%
217Ursaring
51%
194Axoloto
50%
354Branette
50%
444Carmache
50%
638Cobaltium
50%
430Corboss
50%
165Coxy
50%
226Démanta
50%
410Dinoclier
50%
513Flamajou
50%
304Galekid
50%
273Grainipiot
50%
171Lanturn
50%
473Mammochon
50%
418Mustébouée
50%
274Pifeuil
50%
302Ténéfix
50%
275Tengalice
50%
640Viridium
50%
219Volcaropod
50%
359Absol
49%
334Altaria
49%
298Azurill
49%
411Bastiodon
49%
323Camérupt
49%
190Capumain
49%
324Chartor
49%
412Cheniti
49%
366Coquiperl
49%
166Coxyclaque
49%
727Félinferno
49%
511Feuillajou
49%
515Flotajou
49%
306Galeking
49%
647Keldeo
49%
370Lovdisc
49%
195Maraiste
49%
478Momartik
49%
289Monaflèmit
49%
419Mustéflott
49%
363Obalie
49%
728Otaquin
49%
207Scorplane
49%
639Terrakium
49%
333Tylton
49%
641Boréas
48%
318Carvanha
48%
322Chamallot
48%
645Démétéros
48%
372Drackhaus
48%
358Éoko
48%
642Fulguris
48%
305Galegon
48%
203Girafarig
48%
192Héliatronc
48%
365Kaimorse
48%
408Kranidos
48%
345Lilia
48%
335Mangriff
48%
479Motisma
48%
177Natu
48%
360Okéoké
48%
287Parecool
48%
364Phogleur
48%
353Polichombr
48%
367Serpang
48%
338Solaroc
48%
216Teddiursa
48%
329Vibraninf
48%
460Blizzaroi
47%
459Blizzi
47%
431Chaglam
47%
413Cheniselle
47%
189Cotovol
47%
657Croâporal
47%
521Déflaisan
47%
514Flamoutan
47%
516Flotoutan
47%
655Goupelin
47%
297Hariyama
47%
337Séléroc
47%
299Tarinor
47%
178Xatu
47%
193Yanma
47%
416Apireine
46%
415Apitrini
46%
724Archéduc
46%
348Armaldo
46%
652Blindépique
46%
331Cacnea
46%
332Cacturne
46%
234Cerfrousse
46%
509Chacripan
46%
432Chaffreux
46%
409Charkos
46%
308Charmina
46%
463Coudlangue
46%
512Feuilloutan
46%
188Floravol
46%
187Granivol
46%
438Manzaï
46%
730Oratoria
46%
223Rémoraid
46%
368Rosabyss
46%
472Scorvol
46%
288Vigoroth
46%
347Anorith
45%
283Arakdo
45%
553Crocorible
45%
587Émolga
45%
649Genesect
45%
206Insolourdo
45%
726Matoufeu
45%
505Miradar
45%
292Munja
45%
224Octillery
45%
414Papilord
45%
442Spiritomb
45%
357Tropius
45%
346Vacilys
45%
458Babimanta
44%
424Capidextre
44%
293Chuchmur
44%
222Corayon
44%
232Donphan
44%
341Écrapince
44%
427Laporeille
44%
510Léopardus
44%
551Mascaïman
44%
648Meloetta
44%
291Ninjask
44%
654Roussil
44%
300Skitty
44%
469Yanméga
44%
522Zébibron
44%
436Archéomire
43%
285Balignon
43%
425Baudrive
43%
295Brouhabam
43%
286Chapignon
43%
520Colombeau
43%
453Cradopaud
43%
351Morphéo
43%
303Mysdibule
43%
231Phanpy
43%
204Pomdepik
43%
476Tarinorme
43%
191Tournegrain
43%
523Zéblitz
43%
437Archéodong
42%
225Cadoizo
42%
420Ceribou
42%
600Clic
42%
454Coatox
42%
610Coupenotte
42%
301Delcatty
42%
723Efflèche
42%
552Escroco
42%
663Flambusard
42%
205Foretress
42%
426Grodrive
42%
428Lockpin
42%
284Maskadra
42%
307Méditikka
42%
290Ningale
42%
729Otarlette
42%
661Passerouge
42%
235Queulorior
42%
294Ramboum
42%
369Relicanth
42%
599Tic
42%
570Zorua
42%
343Balbuto
41%
340Barbicha
41%
339Barloche
41%
534Bétochef
41%
651Boguérisse
41%
421Ceriflor
41%
342Colhomard
41%
401Crikzik
41%
719Diancie
41%
607Funécire
41%
344Kaorine
41%
422Sancoki
41%
633Solochi
41%
327Spinda
41%
325Spoink
41%
612Tranchodon
41%
721Volcanion
41%
571Zoroark
41%
532Charpenti
40%
634Diamat
40%
316Gloupti
40%
210Granbull
40%
433Korillon
40%
314Lumivole
40%
542Manternel
40%
402Mélokrik
40%
434Moufouette
40%
517Munna
40%
441Pijako
40%
613Polarhume
40%
504Ratentif
40%
209Snubull
40%
635Trioxhydre
40%
423Tritosor
40%
562Tutafeh
40%
455Vortente
40%
317Avaltout
39%
601Cliticlic
39%
526Gigalithe
39%
326Groret
39%
720Hoopa
39%
538Judokrak
39%
539Karaclée
39%
609Lugulabre
39%
435Moufflair
39%
313Muciole
39%
524Nodulithe
39%
533Ouvrifier
39%
614Polagriffe
39%
211Qwilfish
39%
582Sorbébé
39%
584Sorbouboul
39%
583Sorboul
39%
563Tutankafer
39%
213Caratroc
38%
541Couverdure
38%
702Dedenne
38%
456Écayon
38%
626Frison
38%
457Luminéon
38%
778Mimiqui
38%
518Mushana
38%
637Pyrax
38%
543Venipatte
38%
555Darumacho
37%
452Drascore
37%
525Géolithe
37%
615Hexagel
37%
449Hippopotas
37%
611Incisache
37%
540Larveyette
37%
596Mygavolt
37%
531Nanméouïe
37%
800Necrozma
37%
451Rapion
37%
544Scobolide
37%
595Statitik
37%
785Tokorico
37%
535Tritonde
37%
566Arkéapti
36%
536Batracné
36%
545Brutapode
36%
564Carapagos
36%
527Chovsourir
36%
789Cosmog
36%
537Crapustule
36%
632Fermite
36%
628Gueriaigle
36%
450Hippodocus
36%
569Miasmax
36%
598Noacier
36%
577Nucléos
36%
788Tokopisco
36%
787Tokotoro
36%
707Trousselin
36%
585Vivaldaim
36%
602anchwatt
35%
662Braisillon
35%
554Darumarond
35%
546Doudouvet
35%
621Drakkarmin
35%
547Farfaduvet
35%
627Furaiglon
35%
597Grindur
35%
618Limonde
35%
745Lougaroc
35%
578Méios
35%
575Mesmérella
35%
530Minotaupe
35%
528Rhinolove
35%
529Rototaupe
35%
576Sidérella
35%
579Symbios
35%
629Vostourno
35%
681Exagide
34%
669Flabébé
34%
623Golemastoc
34%
622Gringolem
34%
586Haydaim
34%
352Keckleon
34%
565Mégapagos
34%
608Mélancolux
34%
568Miamiasme
34%
604Ohmassacre
34%
696Ptyranidur
34%
636Pyronille
34%
659Sapereau
34%
630Vaututrice
34%
698Amagara
33%
701Brutalibré
33%
580Couaneton
33%
699Dragmara
33%
670Floette
33%
549Fragilady
33%
667Hélionceau
33%
581Lakmécygne
33%
603Lampéroie
33%
801Magearna
33%
594Mamanbo
33%
666Prismillon
33%
697Rexillius
33%
744Rocabot
33%
574Scrutella
33%
777Togedemaru
33%
786Tokopiyon
33%
567Aéroptéryx
32%
560Baggaïd
32%
559Baggiguane
32%
790Cosmovum
32%
558Crabaraque
32%
557Crabicoque
32%
616Escargaume
32%
671Florges
32%
617Limaspeed
32%
802Marshadow
32%
679Monorpale
32%
668Némélios
32%
592Viskuse
32%
793Zéroïd
32%
797Bamboiselle
31%
550Bargantua
31%
733Bazoucan
31%
715Bruyverne
31%
795Cancrelove
31%
572Chinchidou
31%
548Chlorobule
31%
799Engloutyran
31%
660Excavarenne
31%
589Lançargot
31%
664Lépidonille
31%
556Maracachi
31%
593Moyade
31%
704Mucuscule
31%
674Pandespiègle
31%
731Picassaut
31%
625Scalproie
31%
684Sucroquin
31%
588Carabing
30%
561Cryptéro
30%
680Dimoclès
30%
619Kungfouine
30%
706Muplodocus
30%
675Pandarbare
30%
624Scalpion
30%
714Sonistrelle
30%
590Trompignon
30%
772Type:0
30%
631Afflamanoir
29%
591Gaulet
29%
712Grelaçon
29%
798Katagami
29%
296Makuhita
29%
573Pashmilla
29%
620Shaofouine
29%
782Bébécaille
28%
708Brocélôme
28%
796Câblifère
28%
673Chevroum
28%
737Chrysapile
28%
676Couafarel
28%
685Cupcanaille
28%
784Ékaïser
28%
682Fluvetin
28%
746Froussardine
28%
738Lucanon
28%
734Manglouton
28%
732Piclairon
28%
710Pitrouille
28%
713Séracrawl
28%
763Sucreine
28%
735Argouste
27%
672Cabriolaine
27%
760Chelours
27%
705Colimucus
27%
709Desséliande
27%
695Iguolta
27%
605Lewsor
27%
758Malamandre
27%
606Neitram
27%
665Pérégrain
27%
703Strassie
27%
749Tiboudet
27%
757Tritox
27%
690Venalgue
27%
776Boumata
26%
750Bourrinos
26%
683Cocotine
26%
783Écaïd
26%
694Galvaran
26%
691Kravarech
26%
759Nounourson
26%
686Sepiatop
26%
687Sepiatroce
26%
761Croquine
25%
692Flingouste
25%
754Floramantis
25%
736Larvibulle
25%
753Mimantis
25%
678Mistigrix
25%
751Araqua
24%
711Banshitrouye
24%
739Crabagarre
24%
780Draïeul
24%
693Gamblast
24%
765Gouroutan
24%
748Prédastérie
24%
752Tarenbulle
24%
747Vorastérie
24%
762Candine
23%
779Denticrisse
23%
689Golgopathe
23%
741Plumeline
23%
677Psystigri
23%
767Sovkipou
23%
769Bacabouh
22%
740Crabominable
22%
774Météno
22%
688Opermine
22%
768Sarmuraï
22%
770Trépassable
22%
742Bombydou
21%
764Guérilande
21%
756Lampignon
21%
766Quartermac
21%
755Spododo
21%
743Rubombelle
20%
781Sinistrail
20%
771Concombaffe
19%
775Dodoala
19%
794Mouskoto
19%
773Silvallié
18%

Distribution des résultats

Percentile par nombre de réponses

% des personnes avec chaque résultat

Votre développement - résultats

Vous n’avez pas pris ce quiz depuis la dernière actualisation